[Event "Hoersching op 1st"]
[Site "Hoersching"]
[Date "2013.03.24"]
[Round "3"]
[White "Deleja Hotko, Karl"]
[Black "Kaluppa, Kurt"]
[Result "0-1"]
[WhiteElo "1692"]
[BlackElo "1775"]
[PlyCount "114"]
[EventDate "2013.03.22"]
[EventType "swiss"]
[EventRounds "7"]
[EventCountry "AUT"]
[SourceTitle "CBM 153 Extra"]
[Source "ChessBase"]
[SourceDate "2013.04.22"]
[SourceVersion "1"]
[SourceVersionDate "2013.04.22"]
[SourceQuality "1"]

1. e4 b6 2. d4 Bb7 3. f3 e6 4. Be3 g6 5. Bd3 Bg7 6. Qd2 c5 7. c3 cxd4 8. cxd4 Nc6 9. Ne2 Rc8 10. 0-0 Nge7 11. Na3 a6 12. Rac1 0-0 13. Rfd1 b5 14. Bb1 d5 15. Bh6 dxe4 16. Bxg7 e3 17. Qxe3 Kxg7 18. Be4 Qb6 19. Rc5 Rfd8 20. Bxc6 Nxc6 21. Rdc1 Kg8 22. Kf1 Rd6 23. Nc2 Rcd8 24. b4 Ne7 25. a3 Bd5 26. Qg5 Nf5 27. Kf2 Bc4 28. Nc3 Bd3 29. Ne4 Bxe4 30. fxe4 Nxd4 31. Nxd4 Rxd4 32. R1c3 Rd2+ 33. Kg3 Qd6+ 34. Kh3 Rd3+ 35. g3 Qd4 36. Rxd3 Qxd3 37. Qf6 Rf8 38. e5 Qxa3 39. Qf4 Qa1 40. Rc7 Qg1 41. Qf3 Qd4 42. Qf4 Qxf4 43. gxf4 Rd8 44. Kg4 Rd4 45. Ra7 Rxb4 46. Rxa6 Rb1 47. Rb6 b4 48. h4 h5+ 49. Kf3 b3 50. Kg2 b2 51. Rb7 Kf8 52. Rb3 Ke7 53. Rb4 Kd7 54. Rb7+ Kc6 55. Rb8 Kd5 56. Rb5+ Ke4 57. Rb4+ Kf5 0-1

[Event "Hoersching op 1st"]
[Site "Hoersching"]
[Date "2013.03.23"]
[Round "2"]
[White "Kaluppa, Kurt"]
[Black "Hoebarth, Guenter"]
[Result "0-1"]
[WhiteElo "1775"]
[BlackElo "1938"]
[PlyCount "82"]
[EventDate "2013.03.22"]
[EventType "swiss"]
[EventRounds "7"]
[EventCountry "AUT"]
[SourceTitle "CBM 153 Extra"]
[Source "ChessBase"]
[SourceDate "2013.04.22"]
[SourceVersion "1"]
[SourceVersionDate "2013.04.22"]
[SourceQuality "1"]

1. e4 d6 2. Nf3 Bg4 3. Bc4 e6 4. d3 Nf6 5. Be3 Nbd7 6. Nbd2 a5 7. h3 Bh5 8. a3 Be7 9. 0-0 c6 10. Qe1 b5 11. Ba2 0-0 12. Nh2 d5 13. f4 dxe4 14. dxe4 Nc5 15. Bxc5 Bxc5+ 16. Kh1 Re8 17. f5 exf5 18. Rxf5 Bb6 19. Ng4 Nxg4 20. Rxh5 Nf2+ 21. Kh2 g6 22. e5 gxh5 23. e6 Qd6+ 24. g3 fxe6 25. Nf3 Ra7 26. Qe2 Rg7 27. Rg1 Nxh3 28. Rg2 Nf2 29. Nh4 Qf8 30. Qxh5 Ng4+ 31. Kh3 Ne3 32. Qe5 Nxg2 33. Nf5 Nf4+ 34. gxf4 Rg6 35. Nh4 Rh6 36. f5 Qf6 37. Qg3+ Kh8 38. Bxe6 Rxh4+ 39. Qxh4 Qxh4+ 40. Kxh4 Kg7 41. Kg5 h6+ 0-1